000 00432nam a2200133 4500
008 759.986.6 N753r
082 _a759.986.6
_bN753r
100 _aNoboa, Roberto
_96520
245 _aRoberto Noboa
260 _aGuayaquil, Ecuador
_bDPM Arte Contemporáneo
_c2004
300 _a68 p.
_bill (col)
_c21.5 x 25 cm
650 _xarte contemporáneo
_xpintura
_xarte - exhibiciones
_xEcuador
_96521
700 _aKronfle, Rodolfo; Espinel, Mónica
_96522
999 _c1549
_d1549